La montaña / (Record no. 126347)

MARC details
000 -LEADER
campo de control de longitud fija 00600nam a2200205 i 4500
001 - NÚMERO DE CONTROL
campo de control 126347
003 - IDENTIFICADOR DE NÚMERO DE CONTROL
campo de control ES-MaACL
005 - FECHA Y HORA DE LA ÚLTIMA TRANSACCIÓN
campo de control 20250607063028.0
007 - CAMPO FIJO DE DESCRIPCIÓN FÍSICA--INFORMACIÓN GENERAL
campo de control de longitud fija t|
008 - DATOS DE LONGITUD FIJA--INFORMACIÓN GENERAL
campo de control de longitud fija 070214q19091910sp |||| |dspa d
080 ## - NÚMERO DE LA CLASIFICACIÓN DECIMAL UNIVERSAL
Número de la Clasificación Decimal Universal 551.43
100 1# - ENTRADA PRINCIPAL--NOMBRE DE PERSONA
Nombre de persona Reclus, Élisée,
Fechas asociadas al nombre 1830-1905
9 (RLIN) 95775
245 13 - MENCIÓN DEL TÍTULO
Título La montaña /
Mención de responsabilidad, etc. Eliseo Reclús ; traducción de A. López Rodrigo.
260 ## - PUBLICACIÓN, DISTRIBUCIÓN, ETC.
Lugar de publicación, distribución, etc. Valencia :
Nombre del editor, distribuidor, etc. F. Sempere y Cía.,
Fecha de publicación, distribución, etc. [1909-1910]
300 ## - DESCRIPCIÓN FÍSICA
Extensión 216 p. ;
Dimensiones 19 cm.
650 #4 - PUNTO DE ACCESO ADICIONAL DE MATERIA--TÉRMINO DE MATERIA
Término de materia o nombre geográfico como elemento de entrada Montañas.
9 (RLIN) 149791
700 1# - ENTRADA AGREGADA--NOMBRE PERSONAL
Nombre de persona López Rodrigo, A.
9 (RLIN) 73929
852 ## - LOCALIZACIÓN
Ubicación ES-MaACL
Número de control de estantería G-10085
Holdings
Estatus retirado Estado de pérdida Estado de daño No para préstamo Biblioteca de origen Biblioteca actual Ubicación en estantería Fecha de adquisición Fuente de adquisición Total de préstamos Signatura topográfica completa Código de barras Visto por última vez Precio de reemplazo Tipo de ítem Koha
        Biblioteca del Ateneo de Madrid Biblioteca del Ateneo de Madrid Sala Pecera Planta 3 17/01/2008     G-10085 1131597 23/02/2023 23/02/2023 Libro impreso